[Event "Brasilia Marista op IRT"]
[Site "Brasilia"]
[Date "2018.08.26"]
[Round "2.12"]
[White "Dorneles, Luiz Eduardo Fonsec"]
[Black "Tufenkjian, Victor Piemonte"]
[Result "0-1"]
[WhiteElo "1102"]
[BlackElo "1346"]
[PlyCount "88"]
[EventDate "2018.08.26"]
[EventType "swiss"]
[EventRounds "5"]
[EventCountry "BRA"]
[SourceTitle "CBM 186 Extra"]
[Source "ChessBase"]
[SourceDate "2018.08.24"]
[SourceVersion "1"]
[SourceVersionDate "2018.08.24"]
[SourceQuality "1"]

1. e4 c5 2. d4 cxd4 3. c3 Nf6 4. e5 Nd5 5. cxd4 e6 6. Nc3 Qa5 7. Bd2 Bb4 8. Qb3 Nc6 9. Nf3 0-0 10. Bc4 Nce7 11. 0-0 a6 12. Bd3 b5 13. Be4 Bb7 14. a3 Bxc3 15. Bxc3 b4 16. axb4 Qc7 17. Bb1 Rac8 18. Qc2 Nf5 19. Rc1 Nf4 20. Ra3 Qc4 21. Qb3 Qxb3 22. Rxb3 Ne2+ 23. Kf1 Nxc1 24. Bxf5 Nxb3 25. Bc2 Bxf3 26. gxf3 Nd2+ 27. Bxd2 Rxc2 28. Bc3 Rc8 29. Ke1 R2xc3 30. bxc3 Rxc3 31. f4 Rc4 32. Kd2 Rxb4 33. h3 a5 34. Kc3 Rb8 35. Kc4 a4 36. d5 a3 37. dxe6 dxe6 38. Kc5 a2 39. Kc6 a1Q 40. Kc7 Rb2 41. f3 Rd2 42. Kc6 Qc3+ 43. Kb6 Rb2+ 44. Ka7 Qa5# 0-1

[Event "Brasilia Centro Oeste-ch"]
[Site "Brasilia"]
[Date "2017.09.24"]
[Round "6"]
[White "Da Silva, Renato Claudio Melo"]
[Black "Tufenkjian, Victor Piemonte"]
[Result "1-0"]
[WhiteElo "1678"]
[BlackElo "1346"]
[PlyCount "77"]
[EventDate "2017.09.22"]
[EventType "swiss"]
[EventRounds "6"]
[EventCountry "BRA"]
[SourceTitle "CBM 180 Extra"]
[Source "ChessBase"]
[SourceDate "2017.10.06"]
[SourceVersion "1"]
[SourceVersionDate "2017.10.06"]
[SourceQuality "1"]

1. c4 c5 2. g3 g6 3. Bg2 Bg7 4. Nf3 Nf6 5. 0-0 0-0 6. Nc3 e6 7. e4 d5 8. d3 Qd7 9. Bg5 Nc6 10. exd5 exd5 11. Bxf6 Bxf6 12. Nxd5 Bxb2 13. d4 Qd6 14. dxc5 Qxc5 15. Rb1 Bg7 16. Ne3 Be6 17. Rxb7 Na5 18. Rb5 Qa3 19. Ng5 Nxc4 20. Rb3 Qxa2 21. Nxe6 Nxe3 22. Rxe3 fxe6 23. Bxa8 Rxa8 24. Qd7 e5 25. Rd1 Rf8 26. Qd5+ Qxd5 27. Rxd5 Kf7 28. Rf3+ Bf6 29. Rd7+ Ke6 30. Rxh7 a5 31. Ra7 e4 32. Rf4 g5 33. Rxe4+ Kd5 34. Ra4 Bc3 35. R4xa5+ Bxa5 36. Rxa5+ Kd4 37. Rxg5 Kd3 38. Re5 Kd2 39. h4 1-0

[Event "Brasilia Centro Oeste-ch"]
[Site "Brasilia"]
[Date "2017.09.22"]
[Round "1"]
[White "Tufenkjian, Victor Piemonte"]
[Black "Franca, Jairo Jr"]
[Result "0-1"]
[WhiteElo "1346"]
[BlackElo "1893"]
[PlyCount "216"]
[EventDate "2017.09.22"]
[EventType "swiss"]
[EventRounds "6"]
[EventCountry "BRA"]
[SourceTitle "CBM 180 Extra"]
[Source "ChessBase"]
[SourceDate "2017.10.06"]
[SourceVersion "1"]
[SourceVersionDate "2017.10.06"]
[SourceQuality "1"]

1. e4 c5 2. Nf3 e6 3. d4 cxd4 4. Nxd4 Nc6 5. Nc3 Qc7 6. Be3 Nf6 7. Be2 Bb4 8. 0-0 Bxc3 9. bxc3 Nxe4 10. Qd3 d5 11. f3 Ne5 12. Nb5 Qb8 13. Qd4 Nf6 14. Bf4 Nfd7 15. Bd3 a6 16. Rfe1 f6 17. Na3 0-0 18. c4 Qa7 19. Qxa7 Rxa7 20. Be3 Ra8 21. cxd5 Nxd3 22. cxd3 exd5 23. Bf4 b6 24. Nc2 Nc5 25. Re3 Bf5 26. Nb4 d4 27. Re2 Rfe8 28. Rae1 Kf7 29. Nd5 Nxd3 30. Re7+ Rxe7 31. Rxe7+ Kg6 32. Bd2 Rd8 33. Nf4+ Nxf4 34. Bxf4 Rd7 35. Rxd7 Bxd7 36. Bc7 b5 37. Bb8 Be6 38. a3 d3 39. Kf2 Kf5 40. Bc7 Bc4 41. Ke3 g5 42. h3 h5 43. g4+ Kg6 44. Ba5 f5 45. Kd4 h4 46. Ke5 fxg4 47. fxg4 d2 48. Bxd2 Bf1 49. Ke4 Bxh3 50. Kf3 Bf1 51. Kf2 Bc4 52. Kg2 Bd5+ 53. Kh3 Kf6 54. Kh2 Bc4 55. Kg2 Be2 56. Kh3 Bf3 57. Be3 a5 58. Bd2 a4 59. Bc3+ Kg6 60. Bd2 Be4 61. Bc3 Bd3 62. Kg2 Be2 63. Kh3 Bf1+ 64. Kh2 Kf7 65. Bd2 Kf6 66. Bc3+ Ke6 67. Bd2 Ke5 68. Bxg5 b4 69. axb4 a3 70. Bh6 a2 71. Bg7+ Kf4 72. b5 Kxg4 73. b6 Ba6 74. Ba1 Bb7 75. Bh8 Bc8 76. Ba1 Kf3 77. Bf6 h3 78. Ba1 Ke4 79. Bf6 Kd5 80. Kg3 Kc6 81. b7 Kxb7 82. Ba1 Kc6 83. Bb2 Kd5 84. Bc3 Kc4 85. Ba1 Kd3 86. Bh8 Kc2 87. Ba1 Kb1 88. Bh8 a1Q 89. Bxa1 Kxa1 90. Kh2 Kb2 91. Kg1 Kc3 92. Kf2 Kd4 93. Kf3 Kd3 94. Kf2 Ke4 95. Kg3 Ke3 96. Kh2 Kf4 97. Kg1 Kg3 98. Kh1 Bb7+ 99. Kg1 h2+ 100. Kf1 h1Q+ 101. Ke2 Qf3+ 102. Kd2 Kf4 103. Kc2 Qe3 104. Kb2 Ke4 105. Kc2 Kd4 106. Kb2 Qc3+ 107. Ka2 Qb4 108. Ka1 Qd2 0-1

[Event "Brasilia IRT Marista U2300"]
[Site "Brasilia"]
[Date "2017.08.12"]
[Round "1.2"]
[White "Tufenkjian, Victor Piemonte"]
[Black "Felix, Raimundo Nascimento"]
[Result "0-1"]
[WhiteElo "1333"]
[BlackElo "1842"]
[PlyCount "68"]
[EventDate "2017.08.12"]
[EventType "swiss"]
[EventRounds "5"]
[EventCountry "BRA"]
[SourceTitle "EXT 2022"]
[Source "ChessBase"]
[SourceDate "2021.10.06"]
[SourceVersion "1"]
[SourceVersionDate "2021.10.06"]
[SourceQuality "1"]

1. e4 c5 2. Nf3 g6 3. d4 cxd4 4. Nxd4 Nf6 5. Nc3 Nc6 6. Bc4 Bg7 7. Be3 0-0 8. Qd2 Ng4 9. Nxc6 bxc6 10. Bd4 Ne5 11. Bb3 Ba6 12. Ne2 d5 13. exd5 cxd5 14. 0-0 e6 15. f4 Nc4 16. Qc3 f6 17. Rad1 Qe7 18. Bxc4 Bxc4 19. Qe3 Rfe8 20. b3 Ba6 21. Rc1 e5 22. Bc5 d4 23. Bxe7 dxe3 24. c4 Rxe7 25. Rf3 exf4 26. Rxf4 f5 27. b4 Rd8 28. b5 Rd2 29. Kf1 Bb7 30. g4 Be5 31. Rf3 Bxf3 32. Re1 fxg4 33. b6 Rf7 34. c5 Bxh2 0-1

[Event "Brasilia IRT Marista U2300"]
[Site "Brasilia"]
[Date "2017.08.12"]
[Round "3.6"]
[White "Tufenkjian, Victor Piemonte"]
[Black "Terra, Osmar Gasparine"]
[Result "0-1"]
[WhiteElo "1333"]
[BlackElo "1508"]
[PlyCount "62"]
[EventDate "2017.08.12"]
[EventType "swiss"]
[EventRounds "5"]
[EventCountry "BRA"]
[SourceTitle "EXT 2022"]
[Source "ChessBase"]
[SourceDate "2021.10.06"]
[SourceVersion "1"]
[SourceVersionDate "2021.10.06"]
[SourceQuality "1"]

1. e4 e5 2. Nf3 Nf6 3. Nxe5 Qe7 4. Nf3 Nxe4 5. Qe2 d5 6. g3 Nc6 7. Bg2 Bg4 8. c3 Ne5 9. 0-0 0-0-0 10. Re1 Qf6 11. d3 Nxf3+ 12. Bxf3 Bxf3 13. Qe3 Bc5 14. d4 Bb6 15. Nd2 Nxd2 16. Bxd2 Rhe8 17. Qxe8 Rxe8 18. Rxe8+ Kd7 19. Rae1 Qf5 20. R1e7+ Kc6 21. Re3 Qh5 22. b3 Kd6 23. Bc1 c5 24. c4 cxd4 25. Ba3+ Bc5 26. Bxc5+ Kxc5 27. b4+ Kd6 28. c5+ Kd7 29. Ra3 a6 30. Rb3 d3 31. Rc3 Qh3 0-1

[Event "Brasilia Viva op"]
[Site "Brasilia"]
[Date "2017.04.28"]
[Round "1"]
[White "Da Silva, Renato Claudio Melo"]
[Black "Tufenkjian, Victor Piemonte"]
[Result "1-0"]
[WhiteElo "1725"]
[BlackElo "1808"]
[PlyCount "35"]
[EventDate "2017.04.28"]
[EventType "swiss"]
[EventRounds "7"]
[EventCountry "BRA"]
[SourceTitle "CBM 178 Extra"]
[Source "ChessBase"]
[SourceDate "2017.06.22"]
[SourceVersion "1"]
[SourceVersionDate "2017.06.22"]
[SourceQuality "1"]

1. b3 e5 2. Bb2 Nc6 3. c4 Bc5 4. e3 Nf6 5. Nf3 d5 6. Nxe5 d4 7. Nxc6 bxc6 8. Be2 Bf5 9. 0-0 d3 10. Bf3 Ne4 11. Bxg7 Ke7 12. Bxh8 Qxh8 13. Nc3 Nxc3 14. dxc3 Kd7 15. e4 Bxe4 16. Bxe4 Qxc3 17. Qxd3+ Qxd3 18. Bxd3 1-0

[Event "Caldas Novas op 1st"]
[Site "Caldas Novas"]
[Date "2017.03.12"]
[Round "6"]
[White "Silva, Maria Vitoria de So"]
[Black "Tufenkjian, Victor Piemonte"]
[Result "0-1"]
[WhiteElo "1857"]
[BlackElo "1808"]
[PlyCount "68"]
[EventDate "2017.03.10"]
[EventType "swiss"]
[EventRounds "6"]
[EventCountry "BRA"]
[SourceTitle "CBM 177 Extra"]
[Source "ChessBase"]
[SourceDate "2017.04.27"]
[SourceVersion "1"]
[SourceVersionDate "2017.04.27"]
[SourceQuality "1"]

1. e4 e5 2. Nf3 Nc6 3. Nc3 Nf6 4. Be2 d5 5. d4 exd4 6. exd5 Nxd5 7. Nxd5 Qxd5 8. 0-0 Bd6 9. Nxd4 Qe5 10. Nf3 Qh5 11. Qd2 Bg4 12. Qe3+ Ne7 13. Bb5+ c6 14. Rd1 0-0-0 15. Rd3 Bxf3 16. Kf1 Qxh2 17. Qxf3 cxb5 18. Rc3+ Bc7 19. Bf4 Qh1+ 20. Ke2 Qxa1 21. Bxc7 b4 22. Rc4 Rd7 23. Ba5+ Kb8 24. Qf4+ Ka8 25. Qxf7 Qd1+ 26. Ke3 Nd5+ 27. Ke4 Rxf7 28. Ke5 Re8+ 29. Kd6 Ne3+ 30. Kc5 Nxc4 31. Kxc4 Qxc2+ 32. Kb5 Re5+ 33. Kxb4 Rf4+ 34. Ka3 Qa4# 0-1

[Event "Caldas Novas op 1st"]
[Site "Caldas Novas"]
[Date "2017.03.10"]
[Round "1"]
[White "Tufenkjian, Victor Piemonte"]
[Black "Nascimento, Jose Eduardo Campos"]
[Result "0-1"]
[WhiteElo "1808"]
[BlackElo "1758"]
[PlyCount "70"]
[EventDate "2017.03.10"]
[EventType "swiss"]
[EventRounds "6"]
[EventCountry "BRA"]
[SourceTitle "CBM 177 Extra"]
[Source "ChessBase"]
[SourceDate "2017.04.27"]
[SourceVersion "1"]
[SourceVersionDate "2017.04.27"]
[SourceQuality "1"]

1. e4 e5 2. Nf3 Qe7 3. Bc4 h6 4. 0-0 d6 5. Nc3 c6 6. b3 Bg4 7. h3 Bh5 8. Bb2 g5 9. g4 Bg6 10. d4 Bg7 11. Qd2 Nd7 12. Rfe1 exd4 13. Nxd4 Ne5 14. Qe3 Qc7 15. Nf5 Bf6 16. Rad1 Nxc4 17. bxc4 Be5 18. Ba3 Bxf5 19. exf5 0-0-0 20. Bb2 Qb6 21. c5 Qxb2 22. cxd6 Qxc3 23. Qxc3 Bxc3 24. d7+ Rxd7 25. Re8+ Kc7 26. Rxd7+ Kxd7 27. Rb8 Kc7 28. Rf8 Kb6 29. Rxf7 Nf6 30. f4 gxf4 31. h4 Nxg4 32. Kg2 Rg8 33. Kf1 f3 34. Kg1 Bd4+ 35. Kf1 Ne5 0-1